000 00447nam a2200181Ia 4500
001 13729
005 20260306164822.0
008 260306t2002||||xx |||||||||||||| ||spa||
041 _aESP
082 _a005.133C2
_bG79
100 _aGregorio Rodríguez, Carlos
_eAUT
245 0 _aEjercicios de programación creativos y recreativos en C++
260 _c2002
300 _a
_c
650 _aGEN
654 _aCCC
942 _cLIB
_dJUS
_fJUS
_2ddc
_n
999 _c13729
_d13729